Kinetic study of the oxidation of rubber 1- Some observations on the case of raw rubber (Record no. 61864)

MARC details
000 -LEADER
fixed length control field 00436nam a2200133Ia 4500
100 ## - MAIN ENTRY--AUTHOR NAME
Personal name Le Bras J
245 #0 - TITLE STATEMENT
Title Kinetic study of the oxidation of rubber 1- Some observations on the case of raw rubber
260 ## - PUBLICATION, DISTRIBUTION, ETC. (IMPRINT)
Name of publisher Proceedings of the 2nd Rubber Technology Conference, London, 1948; p123-141
650 ## - SUBJECT ADDED ENTRY--TOPICAL TERM
Topical Term Raw rubber
650 ## - SUBJECT ADDED ENTRY--TOPICAL TERM
Topical Term Rubber oxidation
700 ## - ADDED ENTRY--PERSONAL NAME
Personal name Salvetti A
942 ## - ADDED ENTRY ELEMENTS (KOHA)
Koha item type Journals
Holdings
Withdrawn status Lost status Damaged status Not for loan Home library Current library Shelving location Date acquired Koha item type
      Journals RRII Library RRII Library Rubber chemistry 17/12/2021 Journals